000 00666nam a2200205Ia 4500
003 GCL
008 140319s9999 xx 000 0 ara d
020 _a5077714977
040 _aGCL /
_cGCL
082 0 4 _a219
_bم س
100 1 _aمحمد الغزالى
245 1 0 _aسر تأخر العرب والمسلمين /
_cمحمد الغزالى
260 _aالقاهرة :
_bنهضة مصر للطباعة والنشر والتوزيع ،
_c1996
300 _a130 ص ؛
_c24 سم
490 _aمحمد الغزالى
_v4
650 0 4 _aالاسلام
650 0 4 _aالاسلام والمجتمع
650 0 4 _aالفقه الاسلامى
942 _2ddc
_cBK
999 _c43599
_d43599